[Event "Elit(Wasa-Team Viking)"]
[Site "?"]
[Date "2009.11.14"]
[Round "4"]
[White "Wedberg, Tom"]
[Black "Sagit, Rauan"]
[Result "1/2-1/2"]
[WhiteElo "2550"]
[BlackElo "2444"]
[PlyCount "73"]
[EventDate "2009.??.??"]

1. d4 Nf6 2. c4 e6 3. Nf3 a6 4. Nc3 Bb4 5. e3 O-O 6. Bd3 d6 7. O-O Nbd7 8. Ne2
e5 9. Ng3 c6 10. Qc2 Re8 11. a3 Ba5 12. b4 Bc7 13. Bb2 exd4 14. exd4 Nf8 15.
Rae1 Bg4 16. Ng5 Rxe1 17. Rxe1 d5 18. h3 Be6 19. c5 Qd7 20. Nf3 Re8 21. Ne5 Qd8
22. a4 N6d7 23. b5 Nxe5 24. dxe5 axb5 25. axb5 Qg5 26. Qc1 Qxc1 27. Rxc1 Bd7
28. f4 cxb5 29. Nf5 Bxf5 30. Bxf5 Ra8 31. Rd1 Ra2 32. Bc3 Ra4 33. Rxd5 Rxf4 34.
Bd3 Ra4 35. Bxb5 Ra3 36. Bd2 Ra1+ 37. Kf2 1/2-1/2

[Event "Elit(Wasa-Team Viking)"]
[Site "?"]
[Date "2009.11.14"]
[Round "4"]
[White "Degerman, Lars"]
[Black "Lejlic, Samir"]
[Result "1/2-1/2"]
[WhiteElo "2455"]
[BlackElo "2341"]
[PlyCount "93"]
[EventDate "2009.??.??"]

1. Nf3 g6 2. c4 Bg7 3. Nc3 Nf6 4. e4 O-O 5. d4 d6 6. Be2 e5 7. O-O a5 8. Bg5 h6
9. Bh4 Nbd7 10. Re1 c6 11. d5 Nc5 12. Nd2 Qb6 13. Rb1 Bd7 14. h3 Rfc8 15. Bf1
a4 16. b4 axb3 17. axb3 Qb4 18. Na4 cxd5 19. Nxc5 Rxc5 20. Bxf6 Bxf6 21. cxd5
b5 22. Nf3 Ra2 23. Re2 Rxe2 24. Qxe2 Bd8 25. Ne1 Rc3 26. Nc2 Qc5 27. b4 Qc8 28.
Rb2 Bb6 29. Qd2 Kg7 30. Ne3 Bxe3 31. fxe3 Rc1 32. Kf2 f5 33. Bd3 fxe4 34. Bxe4
Bf5 35. Bf3 Rc4 36. Be2 Rc7 37. Bxb5 Be4 38. Kg1 Qa8 39. Bc6 Qa1+ 40. Kh2 Rf7
41. Ra2 Qb1 42. Rb2 Qa1 43. Ra2 Qb1 44. Bb5 h5 45. Rb2 Qa1 46. Ra2 Qb1 47. Rb2
1/2-1/2

[Event "Elit(Wasa-Team Viking)"]
[Site "?"]
[Date "2009.11.14"]
[Round "4"]
[White "Berkell, Peder"]
[Black "Lindberg, Bo"]
[Result "1/2-1/2"]
[WhiteElo "2175"]
[BlackElo "2419"]
[PlyCount "135"]
[EventDate "2009.??.??"]

1. f4 d5 2. Nf3 g6 3. g3 Bg7 4. Bg2 Nf6 5. O-O c5 6. d3 Nc6 7. c3 O-O 8. Na3
Rb8 9. Ne5 Nxe5 10. fxe5 Ne8 11. d4 cxd4 12. cxd4 Nc7 13. Qb3 Bg4 14. Rf2 Qd7
15. Bf4 Rfd8 16. Raf1 b5 17. Qe3 Be6 18. Bh6 Bh8 19. h4 f6 20. Nc2 Bf5 21. Ne1
Ne6 22. Rxf5 gxf5 23. Bh3 Ng7 24. Bxg7 Bxg7 25. e6 Qe8 26. Bxf5 Qh5 27. Ng2
Rbc8 28. Qd3 a6 29. Nf4 Qh6 30. Qa3 Bf8 31. Qxa6 Ra8 32. Qxb5 Rxa2 33. Kg2 Raa8
34. Qd3 Rab8 35. Rb1 Rb4 36. b3 Kh8 37. Qc3 Rb5 38. b4 Qg7 39. Ra1 Rdb8 40. Rb1
Qg8 41. Qf3 Rxb4 42. Rxb4 Rxb4 43. e3 Bh6 44. Nxd5 Rb2+ 45. Kh3 Qe8 46. Be4 Qg8
47. Qf5 Qg7 48. Qh5 Rb8 49. Bf5 Rg8 50. g4 Ra8 51. Kg3 Qf8 52. Kf3 Ra3 53. Qf7
Qxf7 54. exf7 Kg7 55. Be6 Ra6 56. Nc7 Rc6 57. Ne8+ Kf8 58. d5 Rc3 59. h5 Bxe3
60. Ke4 Ba7 61. Kf4 Bb8+ 62. Ke4 Be5 63. h6 Rh3 64. Ng7 Rxh6 65. Nh5 Rg6 66.
Kd3 Rg5 67. Ke3 Bd6 68. Nf4 1/2-1/2

[Event "Elit(Wasa-Team Viking)"]
[Site "?"]
[Date "2009.11.14"]
[Round "4"]
[White "Cramling, Dan"]
[Black "Soderberg, Per"]
[Result "1-0"]
[WhiteElo "2415"]
[BlackElo "2225"]
[PlyCount "53"]
[EventDate "2009.??.??"]

1. d4 Nf6 2. c4 e6 3. Nc3 c5 4. d5 d6 5. e4 exd5 6. cxd5 g6 7. f4 Bg7 8. e5 Nh5
9. Bb5+ Kf8 10. Nf3 Bh6 11. O-O a6 12. Ba4 b5 13. Bc2 Ng7 14. Ne4 Ne8 15. a4 b4
16. Be3 Kg8 17. Qd2 a5 18. Rac1 Na6 19. exd6 Nxd6 20. Ne5 Nf5 21. Nc6 Qc7 22.
Nf6+ Kg7 23. Bxf5 Bxf5 24. Bd4 Kf8 25. Rxc5 Qd6 26. Rxa5 Bg7 27. Be5 1-0

[Event "Elit(Wasa-Team Viking)"]
[Site "?"]
[Date "2009.11.14"]
[Round "4"]
[White "Collett, Peter"]
[Black "Poley, Vladimir"]
[Result "1-0"]
[WhiteElo "2192"]
[BlackElo "2428"]
[PlyCount "116"]
[EventDate "2009.??.??"]

1. d4 b5 2. e4 a6 3. Nf3 Bb7 4. Bd3 d6 5. a4 Nd7 6. O-O c6 7. Qe2 e5 8. c3 Ngf6
9. Rd1 Be7 10. b3 O-O 11. Bb2 Qc7 12. Nbd2 Rfe8 13. c4 exd4 14. Bxd4 bxa4 15.
bxa4 c5 16. Bb2 Rab8 17. Re1 Bc6 18. Bc3 Ng4 19. Nf1 Rb3 20. Qc2 Rxc3 21. Qxc3
Bf6 22. Qc2 Bxa1 23. Rxa1 Nde5 24. Nxe5 dxe5 25. h3 Nf6 26. Ne3 Rb8 27. Nd5 Qd6
28. a5 Nd7 29. Rb1 Rxb1+ 30. Qxb1 g6 31. h4 h5 32. g3 Kg7 33. Bf1 Nf6 34. Bd3
Nd7 35. Kg2 f5 36. exf5 Nf6 37. fxg6 Nxd5 38. cxd5 Qxd5+ 39. Kf1 c4 40. Bf5
Qh1+ 41. Ke2 Qf3+ 42. Ke1 c3 43. Qd3 Qh1+ 44. Qf1 Qd5 45. Qe2 Bb5 46. Be4 Qd8
47. Qa2 Kh6 48. g7 Kxg7 49. Qd5 Qe7 50. Qb7 Qxb7 51. Bxb7 Bd3 52. f3 Kf6 53.
Be4 Bc4 54. Kd1 Bb3+ 55. Kc1 Ba4 56. Bb7 Bb5 57. Kc2 Bf1 58. Kxc3 Ke6 1-0

[Event "Elit(Wasa-Team Viking)"]
[Site "?"]
[Date "2009.11.14"]
[Round "4"]
[White "Couso, Luis"]
[Black "Nordstrom, Felix"]
[Result "1-0"]
[WhiteElo "2303"]
[BlackElo "2161"]
[PlyCount "71"]
[EventDate "2009.??.??"]

1. Nf3 d5 2. d4 Nf6 3. c4 c6 4. e3 e6 5. Nc3 Nbd7 6. Bd3 dxc4 7. Bxc4 b5 8. Bd3
b4 9. Ne4 Be7 10. a3 bxa3 11. O-O O-O 12. Nxf6+ Nxf6 13. Qc2 Bb7 14. e4 Nd7 15.
e5 h6 16. Bh7+ Kh8 17. Be4 axb2 18. Qxb2 Nb6 19. Be3 Qd7 20. Rfb1 Rfb8 21. Qc1
Rc8 22. Bxh6 c5 23. Bxb7 Qxb7 24. Bg5 cxd4 25. Qf4 Kg8 26. Qh4 Bf8 27. Bf6 gxf6
28. Qg4+ Kh8 29. exf6 Qd5 30. Ng5 Qf5 31. Qh5+ Kg8 32. Qxf7+ Kh8 33. Qh5+ Kg8
34. g4 Qc2 35. Rb2 Qd3 36. Rd2 1-0

[Event "Elit(Wasa-Team Viking)"]
[Site "?"]
[Date "2009.11.14"]
[Round "4"]
[White "Hallerod, Ralph"]
[Black "Bergstrom, Peter"]
[Result "1/2-1/2"]
[WhiteElo "2131"]
[BlackElo "2339"]
[PlyCount "89"]
[EventDate "2009.??.??"]

1. d4 d5 2. c4 c6 3. Nf3 Nf6 4. Nc3 dxc4 5. a4 Bf5 6. e3 e6 7. Bxc4 Bb4 8. O-O
O-O 9. Qe2 Nbd7 10. Rd1 Qe7 11. e4 Bg6 12. e5 Nd5 13. Ne4 h6 14. Bd2 N7b6 15.
Bd3 a5 16. h3 Rfd8 17. Bb1 Bxd2 18. Rxd2 Qb4 19. b3 Nc3 20. Nxc3 Qxc3 21. Rb2
Bxb1 22. Raxb1 Nd5 23. Rc2 Qb4 24. Rc4 Qb6 25. Nd2 Ne7 26. Qe4 Rd5 27. b4 Nf5
28. bxa5 Qxa5 29. Nb3 Qa6 30. Rb4 b6 31. Nd2 Rad8 32. Nf3 Qa7 33. g4 Ne7 34.
Qc2 c5 35. Rxb6 cxd4 36. Rb7 d3 37. Qc7 Qxa4 38. Qxe7 Qf4 39. Nd2 Rf8 40. Rb8
Rxb8 41. Rxb8+ Kh7 42. Rb2 Qxe5 43. Qb4 Rd4 44. Qb8 Qf6 45. Nf1 1/2-1/2

[Event "Elit(Eksjo-Manhem)"]
[Site "?"]
[Date "2009.11.14"]
[Round "4"]
[White "Vas, Peter"]
[Black "Ornstein, Axel"]
[Result "1-0"]
[WhiteElo "2387"]
[BlackElo "2432"]
[PlyCount "73"]
[SourceDate "2009.11.18"]

1. e4 e5 2. Nf3 Nc6 3. Bc4 Bc5 4. O-O Nf6 5. d3 O-O 6. c3 d5 7. exd5 Nxd5 8.
Re1 Bg4 9. Nbd2 Kh8 10. h3 Bh5 11. Ne4 Bb6 12. Ng3 Bg6 13. Bb5 Nf4 14. d4 f6
15. Bxf4 exf4 16. Ne2 Qd6 17. Qd2 Rae8 18. Nxf4 Be4 19. Qe3 Re7 20. Bxc6 Qxc6
21. Nd2 Rfe8 22. Nxe4 Rxe4 23. Qd2 Kg8 24. f3 Rxe1+ 25. Rxe1 Kf7 26. Rxe8 Qxe8
27. Qe2 Qxe2 28. Nxe2 c5 29. Kf2 cxd4 30. cxd4 f5 31. Ke3 g6 32. Kd3 Ke6 33.
Kc4 Kd6 34. Nc3 a6 35. a4 h5 36. Nd5 Bd8 37. Nf4 1-0

[Event "Elit(Eksjo-Manhem)"]
[Site "?"]
[Date "2009.11.14"]
[Round "4"]
[White "de Verdier, Michael"]
[Black "Nithander, Victor"]
[Result "1/2-1/2"]
[WhiteElo "2325"]
[BlackElo "2507"]
[PlyCount "54"]

1. Nf3 g6 2. g3 Bg7 3. Bg2 Nf6 4. O-O O-O 5. c4 c6 6. d4 d5 7. cxd5 cxd5 8. Ne5
e6 9. Nc3 Nfd7 10. Nf3 Nc6 11. b3 a5 12. Ba3 Nb4 13. Qd2 Nb8 14. Na4 N8a6 15.
Rac1 Re8 16. Ne5 f6 17. Nd3 Nxd3 18. Qxd3 f5 19. e3 Bd7 20. Nc5 Bc6 21. Nxa6
Rxa6 22. Rfe1 Qd7 23. Bf1 Raa8 24. Bc5 Bf6 25. Rc2 Rec8 26. Rec1 Bd8 27. Ba3
Kf7 1/2-1/2

[Event "Elit(Eksjo-Manhem)"]
[Site "?"]
[Date "2009.11.14"]
[Round "4"]
[White "Welin, Mats"]
[Black "Vernersson, Per"]
[Result "1/2-1/2"]
[WhiteElo "2360"]
[BlackElo "2465"]
[PlyCount "59"]

1. e4 c6 2. d4 d5 3. exd5 cxd5 4. c4 Nf6 5. Nc3 e6 6. Nf3 Be7 7. cxd5 Nxd5 8.
Bd3 Nc6 9. O-O O-O 10. Re1 Nf6 11. a3 b6 12. Bg5 Bb7 13. Bc2 Rc8 14. Qd3 g6 15.
Rad1 Nd5 16. Bh6 Re8 17. Ba4 a6 18. Nxd5 Qxd5 19. Qe3 Bf6 20. Bb3 Qd8 21. Qf4
Bg7 22. d5 exd5 23. Rxe8+ Qxe8 24. Bxg7 Kxg7 25. Bxd5 Qe7 26. h4 Rd8 27. Rd2
Na5 28. Bxb7 Nxb7 29. Rxd8 Qxd8 30. Qe3 1/2-1/2

[Event "Elit(Eksjo-Manhem)"]
[Site "?"]
[Date "2009.11.14"]
[Round "4"]
[White "Krantz, Christopher"]
[Black "Akesson, Joel"]
[Result "1/2-1/2"]
[WhiteElo "2288"]
[BlackElo "2386"]
[PlyCount "119"]
[EventDate "2009.??.??"]

1. d4 d5 2. c4 c6 3. Nf3 Nf6 4. e3 Bg4 5. Qb3 Qb6 6. Nc3 e6 7. Nh4 Be7 8. h3
Bh5 9. g4 Bg6 10. Nxg6 hxg6 11. Bg2 Nbd7 12. g5 Ng8 13. e4 dxc4 14. Qxc4 Qd8
15. h4 Nb6 16. Qd3 e5 17. Be3 exd4 18. Qxd4 Qxd4 19. Bxd4 Rd8 20. Rd1 Rh7 21.
Ke2 Bd6 22. Be3 Ne7 23. f4 Nc4 24. Bc1 Bc7 25. Rxd8+ Bxd8 26. b3 Nd6 27. Bd2
Nec8 28. Be1 Nb6 29. Bf2 Bc7 30. Rd1 Ndc8 31. Kf3 Rh8 32. Bh3 Ke7 33. Na4 Nd6
34. Nc5 Rb8 35. Bg3 Ne8 36. Be1 Kf8 37. a4 Kg8 38. a5 Na8 39. Rc1 Bd6 40. e5
Bxc5 41. Rxc5 Nac7 42. Ke4 Rd8 43. Bg4 a6 44. h5 gxh5 45. Bxh5 Ne6 46. Rc4 g6
47. Bg4 N8c7 48. Bb4 Rd5 49. f5 gxf5+ 50. Kxf5 Kg7 51. Be7 Rd2 52. Bf6+ Kg8 53.
Ke4 Nd5 54. Bxe6 fxe6 55. Rc1 Rh2 56. Kd4 Kf7 57. Kc5 Rh3 58. b4 Rd3 59. Kc4
Rh3 60. Kc5 1/2-1/2

[Event "Elit(Eksjo-Manhem)"]
[Site "?"]
[Date "2009.11.14"]
[Round "4"]
[White "Carlhammar, Magnus"]
[Black "Thornert, Hakan"]
[Result "1/2-1/2"]
[WhiteElo "2331"]
[BlackElo "2208"]
[PlyCount "78"]

1. Nf3 d5 2. g3 Nc6 3. c4 d4 4. Bg2 e5 5. O-O Nf6 6. d3 h6 7. b4 Bxb4 8. Nxe5
Nxe5 9. Qa4+ Nfd7 10. Qxb4 c5 11. Qa3 O-O 12. Nd2 a6 13. Nb3 Qc7 14. Bf4 Rb8
15. Rfe1 b6 16. e3 Bb7 17. exd4 Bxg2 18. Kxg2 Qb7+ 19. d5 Nxd3 20. Bxb8 Nxe1+
21. Rxe1 Rxb8 22. Nd2 b5 23. Qf3 Nb6 24. cxb5 axb5 25. d6 Qxf3+ 26. Kxf3 Rd8
27. Ne4 c4 28. Rb1 f5 29. Nc3 Rxd6 30. Nxb5 Rd2 31. Rc1 Rxa2 32. Nd6 Ra5 33.
Rb1 Ra3+ 34. Kf4 Rb3 35. Rc1 Rb2 36. Kf3 Rb3+ 37. Kf4 Rb2 38. Kf3 Rb3+ 39. Kf4
Rb2 1/2-1/2

[Event "Elit(Eksjo-Manhem)"]
[Site "?"]
[Date "2009.11.14"]
[Round "4"]
[White "Gustafsson, Fredrik"]
[Black "Kinnmark, Ove"]
[Result "0-1"]
[WhiteElo "2148"]
[BlackElo "2265"]
[PlyCount "80"]

1. e4 e5 2. Nc3 Nc6 3. g3 Nf6 4. Bg2 Bc5 5. Nge2 O-O 6. O-O a6 7. h3 d6 8. d3
Be6 9. Nd5 Bxd5 10. exd5 Nd4 11. Nxd4 Bxd4 12. c3 Ba7 13. g4 Ne8 14. Kh2 g6 15.
Bh6 Ng7 16. f4 Be3 17. Qf3 Bxf4+ 18. Bxf4 exf4 19. Qxf4 Qd7 20. Rae1 Rae8 21.
c4 Rxe1 22. Rxe1 Re8 23. Re4 b6 24. a3 a5 25. Qf6 Kf8 26. Qh4 Kg8 27. Qf6 h5
28. Bf3 Rxe4 29. dxe4 hxg4 30. hxg4 Ne8 31. Qh4 Kg7 32. g5 Qe7 33. Qf4 f6 34.
gxf6+ Qxf6 35. Qxf6+ Kxf6 36. Kg3 Ke5 37. Kg4 Nf6+ 38. Kg5 Nxe4+ 39. Kxg6 Nd2
40. Be2 Kd4 0-1

[Event "Elit(Eksjo-Manhem)"]
[Site "?"]
[Date "2009.11.14"]
[Round "4"]
[White "Fendrich, David"]
[Black "Andersson, Johan"]
[Result "1-0"]
[WhiteElo "2284"]
[BlackElo "2099"]
[PlyCount "59"]

1. g3 g6 2. Bg2 d6 3. c4 Bg7 4. Nc3 f5 5. d3 Nf6 6. e4 fxe4 7. dxe4 c5 8. e5
Ng4 9. exd6 O-O 10. Nh3 exd6 11. O-O Nc6 12. Qd5+ Kh8 13. Ng5 Nf6 14. Qd1 h6
15. Nge4 Nd4 16. Bf4 Nxe4 17. Nxe4 Rxf4 18. gxf4 Qh4 19. Qd3 Qxf4 20. Ng3 Be5
21. Qe4 Qf7 22. b3 Nc6 23. Rae1 Bf5 24. Nxf5 gxf5 25. Qh4 Qg7 26. Kh1 Nd4 27.
Bd5 Rf8 28. Rg1 Qh7 29. f4 Bf6 30. Qxf6+ 1-0

[Event "Elit(Eksjo-Manhem)"]
[Site "?"]
[Date "2009.11.14"]
[Round "4"]
[White "Akvist, Hakan"]
[Black "Moberg, Karl Johan"]
[Result "1-0"]
[WhiteElo "2094"]
[BlackElo "2309"]
[PlyCount "71"]

1. d4 Nf6 2. c4 g6 3. Nc3 d5 4. cxd5 Nxd5 5. e4 Nxc3 6. bxc3 Bg7 7. Nf3 c5 8.
Rb1 O-O 9. Be2 cxd4 10. cxd4 Qa5+ 11. Bd2 Qxa2 12. O-O b6 13. Bg5 Qe6 14. Re1
Bb7 15. Bd3 Qd6 16. Bc4 e6 17. Qd2 Nc6 18. e5 Qd7 19. Qf4 Rfc8 20. Bf6 Bf8 21.
Rbd1 Ne7 22. Nd2 Nf5 23. d5 exd5 24. Bd3 Ng7 25. Qh4 Rc3 26. e6 Nxe6 27. Bxc3
d4 28. Ne4 Be7 29. Nf6+ Bxf6 30. Qxf6 dxc3 31. Bxg6 Qc7 32. Rxe6 hxg6 33. Re7
Qc4 34. Rxb7 c2 35. Rc1 Rf8 36. Rd7 1-0

[Event "Elit(Rockaden,Umea-Upsala)"]
[Site "?"]
[Date "2009.11.15"]
[Round "4"]
[White "Glimbrant, Torbjorn"]
[Black "Forsberg, Viktor"]
[Result "1/2-1/2"]
[WhiteElo "2344"]
[BlackElo "2362"]
[PlyCount "86"]
[EventDate "2009.??.??"]

1. d4 Nf6 2. c4 g6 3. Nc3 Bg7 4. Nf3 O-O 5. Bg5 d6 6. e3 c6 7. Be2 a6 8. a4 a5
9. h3 Na6 10. Qd2 Bf5 11. O-O h6 12. Bxf6 exf6 13. e4 Bc8 14. Rad1 f5 15. Bd3
Nb4 16. Bb1 fxe4 17. Bxe4 Qf6 18. Bb1 Bf5 19. Ne4 Bxe4 20. Bxe4 Rfd8 21. Rfe1
d5 22. cxd5 Nxd5 23. Qc2 Bf8 24. Ne5 Bb4 25. Bxd5 Rxd5 26. Re3 Qd6 27. Rf3 Rf8
28. Ng4 Rxd4 29. Nxh6+ Kg7 30. Rxd4 Qxd4 31. Ng4 Re8 32. g3 Re1+ 33. Kg2 Qd1
34. Qxd1 Rxd1 35. Ne5 f6 36. Rd3 Rxd3 37. Nxd3 Bd6 38. Kf3 f5 39. Ke3 Kf6 40.
Kd4 b6 41. Kc4 Ke6 42. b3 Kf6 43. Kd4 Ke6 1/2-1/2

[Event "Elit(Rockaden,Umea-Upsala)"]
[Site "?"]
[Date "2009.11.15"]
[Round "4"]
[White "Malmstig, Erik"]
[Black "Lundvik, Jonas"]
[Result "1-0"]
[WhiteElo "2296"]
[BlackElo "2351"]
[PlyCount "82"]

1. d4 d5 2. c4 c6 3. Nf3 Nf6 4. e3 e6 5. Nc3 Nbd7 6. Qc2 Bd6 7. Be2 O-O 8. O-O
Qe7 9. Rd1 dxc4 10. Bxc4 e5 11. e4 exd4 12. Nxd4 Ne5 13. Be2 Rd8 14. h3 Ng6 15.
Nf5 Bxf5 16. exf5 Nf4 17. Bf3 Qe5 18. g3 N4h5 19. Bg5 Bc5 20. Kg2 h6 21. Re1
Qc7 22. Bh4 Rd7 23. Qe2 Re7 24. Qc4 Re5 25. Bxh5 Nxh5 26. Qg4 g6 27. fxg6 fxg6
28. Qxg6+ Ng7 29. Ne4 Rf8 30. Nf6+ Rxf6 31. Bxf6 Rf5 32. f4 Qd7 33. Rad1 Rd5
34. Bxg7 Rd2+ 35. Kf3 Qd5+ 36. Kg4 Qd7+ 37. Kh4 Rxd1 38. Bxh6+ Kh8 39. Re8+
Qxe8 40. Qxe8+ Kh7 41. Qh5 Rd5 1-0

[Event "Elit(Rockaden,Umea-Upsala)"]
[Site "?"]
[Date "2009.11.15"]
[Round "4"]
[White "Andersson, Fredrik"]
[Black "Eriksson, Jorgen"]
[Result "1-0"]
[WhiteElo "2336"]
[BlackElo "2314"]
[PlyCount "77"]

1. e4 d6 2. d4 Nf6 3. Nc3 e5 4. Nf3 Nbd7 5. Bc4 Be7 6. O-O O-O 7. Re1 c6 8. a4
b6 9. Ba2 Bb7 10. h3 a6 11. Be3 b5 12. axb5 axb5 13. b4 Ra6 14. Bb3 Qa8 15.
Rxa6 Qxa6 16. Qa1 h6 17. Qc1 Nh7 18. Rd1 Bf6 19. Ne2 exd4 20. Nfxd4 c5 21. bxc5
dxc5 22. Nf3 c4 23. Rxd7 cxb3 24. cxb3 Bxe4 25. Nfd4 Rc8 26. Rc7 Re8 27. Rc5 b4
28. Qd2 Qa8 29. f3 Bd5 30. Nb5 Bxb3 31. Nc7 Qb8 32. Nxe8 Qxe8 33. Bd4 Bxd4+ 34.
Nxd4 Ba4 35. Qxb4 Qe3+ 36. Kh2 Bd1 37. Rc8+ Nf8 38. Rxf8+ Kh7 39. Qb1+ 1-0

[Event "Elit(Rockaden,Umea-Upsala)"]
[Site "?"]
[Date "2009.11.15"]
[Round "4"]
[White "Wickstrom, Lucas"]
[Black "Burwick, Malte"]
[Result "1-0"]
[WhiteElo "2284"]
[BlackElo "2280"]
[PlyCount "165"]

1. d4 g6 2. c4 Bg7 3. Nc3 d6 4. Nf3 Nf6 5. e4 O-O 6. Be2 Qe8 7. O-O e5 8. d5
Na6 9. Qc2 Nh5 10. Rb1 Nf4 11. b4 f5 12. Ba3 Nxe2+ 13. Qxe2 Bf6 14. c5 Be7 15.
Qc4 Rf7 16. cxd6 cxd6 17. b5 Nb8 18. b6 a6 19. Rfc1 Nd7 20. Rc2 f4 21. Qc7 Qf8
22. Na4 g5 23. Rbc1 Qh6 24. h3 Qg6 25. Qc4 h5 26. Qd3 Rf8 27. Rc7 g4 28. hxg4
hxg4 29. Ne1 f3 30. g3 Kg7 31. Qc3 Qxe4 32. Rc4 Qg6 33. Qb4 Nf6 34. Rc7 Nxd5
35. Rxe7+ Nxe7 36. Rc7 Rf7 37. Qd2 Nf5 38. Nd3 Qh6 39. Qxh6+ Nxh6 40. Bxd6 e4
41. Ne5 Rxc7 42. bxc7 Bf5 43. Nb6 Re8 44. Ned7 Ng8 45. a4 Kf7 46. c8=Q Rxc8 47.
Nxc8 Bxd7 48. Nb6 Ke6 49. Bf4 Ne7 50. Kf1 Ng6 51. Bc7 Bc6 52. Ke1 e3 53. fxe3
Kf5 54. a5 Ke4 55. Nc4 Bb5 56. Nd6+ Kxe3 57. Bb6+ Kd3 58. Nxb7 Ne5 59. Nd6 Bd7
60. Kf2 Bc6 61. Bc7 Kc2 62. Nf5 Kd2 63. Bxe5 Bd7 64. Ne3 Kd3 65. Bc7 Be6 66.
Bb6 Kd2 67. Kf1 Bd7 68. Kf2 Be6 69. Nf1+ Kd3 70. Ke1 Bd5 71. Ne3 Be6 72. Nd1
Kc2 73. Nf2 Bf5 74. Ba7 Kc1 75. Bb6 Kc2 76. Be3 Kc3 77. Kd1 Bc2+ 78. Kc1 Bf5
79. Bb6 Be6 80. Ne4+ Kc4 81. Kd2 Bd7 82. Nf2 Kd5 83. Ke3 1-0

[Event "Elit(Rockaden,Umea-Upsala)"]
[Site "?"]
[Date "2009.11.15"]
[Round "4"]
[White "Marttala, Thomas"]
[Black "Hammar, Ulf"]
[Result "1-0"]
[WhiteElo "2265"]
[BlackElo "2255"]
[PlyCount "107"]

1. e4 e6 2. Nc3 d5 3. Nf3 Nf6 4. exd5 exd5 5. d4 c6 6. Bd3 Bg4 7. h3 Bh5 8. O-O
Be7 9. Re1 O-O 10. Bf4 Bd6 11. Be5 Bc7 12. g4 Bg6 13. Bxg6 hxg6 14. Qd2 Nbd7
15. Bxc7 Qxc7 16. Re2 Rfe8 17. Rae1 Rxe2 18. Rxe2 Re8 19. Rxe8+ Nxe8 20. Qe3
Qd8 21. Kg2 Nd6 22. b3 Nf8 23. Ng5 Qd7 24. f4 f6 25. Nf3 Qe6 26. Kf2 Kf7 27.
Qxe6+ Nxe6 28. Ke3 Ke7 29. h4 Nf7 30. f5 gxf5 31. gxf5 Nc7 32. Ne2 Nb5 33. Kf4
a5 34. Nd2 Na3 35. c4 dxc4 36. Nxc4 Nxc4 37. bxc4 b5 38. c5 Nd8 39. Ke4 Nb7 40.
Nf4 a4 41. Nd3 Na5 42. Nb4 Kd7 43. d5 Kc7 44. Kd4 a3 45. dxc6 Nc4 46. h5 Nd2
47. Kd5 Nf3 48. Nc2 Ne5 49. Nxa3 Nxc6 50. Nxb5+ Kd7 51. Nd4 Nb4+ 52. Kc4 Nxa2
53. Ne6 Ke7 54. Nxg7 1-0

[Event "Elit(Rockaden,Umea-Upsala)"]
[Site "?"]
[Date "2009.11.15"]
[Round "4"]
[White "Lindgren, Fredrik"]
[Black "Lindberg, Henrik"]
[Result "0-1"]
[WhiteElo "2253"]
[BlackElo "2280"]
[PlyCount "86"]

1. f4 c5 2. Nf3 Nc6 3. b3 d6 4. Bb2 Nf6 5. e3 g6 6. Bb5 Bd7 7. O-O Bg7 8. d3
O-O 9. e4 Nd4 10. Nxd4 cxd4 11. Bxd7 Nxd7 12. c4 dxc3 13. Nxc3 Bd4+ 14. Kh1 e6
15. Rc1 Qf6 16. Ba3 Bxc3 17. e5 Nxe5 18. Rxc3 Nc6 19. Rc2 Qd8 20. d4 Ne7 21.
Qd2 Nd5 22. Rfc1 Qd7 23. h3 a5 24. b4 Qa4 25. Bb2 axb4 26. Ba1 Qd7 27. Qf2 Rfc8
28. f5 exf5 29. Qf3 Rxc2 30. Rxc2 Qb5 31. Kh2 b3 32. axb3 Rxa1 33. Qg3 Qd7 34.
b4 f4 35. Qb3 Qf5 36. Re2 f3 37. gxf3 Ra8 38. Qc4 Qxf3 39. Rg2 Qf4+ 40. Rg3 Ra3
41. Qc8+ Kg7 42. Qh8+ Kxh8 43. b5 Qxg3+ 0-1

[Event "Elit(Rockaden,Umea-Upsala)"]
[Site "?"]
[Date "2009.11.15"]
[Round "4"]
[White "Cederberg, Karl Olof"]
[Black "Engman, Rickard"]
[Result "1-0"]
[WhiteElo "2203"]
[BlackElo "2235"]
[PlyCount "78"]
[EventDate "2009.??.??"]

1. e4 e5 2. Nf3 Nc6 3. Bc4 Nf6 4. Qe2 Be7 5. d3 O-O 6. c3 d6 7. Nbd2 Na5 8. Bb5
a6 9. Ba4 b5 10. Bc2 c5 11. Nf1 Nc6 12. Ng3 Ne8 13. O-O Nc7 14. h3 Re8 15. Rd1
Bf6 16. Be3 g6 17. d4 exd4 18. cxd4 Qe7 19. e5 dxe5 20. dxc5 Bb7 21. Rd6 Ne6
22. Re1 Ncd4 23. Bxd4 exd4 24. Ne4 Bg7 25. Neg5 Bxf3 26. Nxf3 Rad8 27. Rxd8
Rxd8 28. b4 Qf6 29. g3 Ng5 30. Nxg5 Qxg5 31. Bd3 Qd5 32. Qe7 Bf8 33. Qc7 Rd7
34. Qc8 Rd8 35. Qxa6 Ra8 36. Qxb5 Qxa2 37. Bc4 Qd2 38. Rf1 Ra3 39. Qb7 Qe2 1-0

[Event "Elit(Rockaden,Umea-Upsala)"]
[Site "?"]
[Date "2009.11.15"]
[Round "4"]
[White "Nygren, David"]
[Black "Johansson, Thomas"]
[Result "0-1"]
[WhiteElo "2210"]
[BlackElo "2193"]
[PlyCount "94"]

1. e4 e6 2. d4 d5 3. Nc3 Bb4 4. e5 Ne7 5. a3 Bxc3+ 6. bxc3 b6 7. Qg4 Kf8 8. Nf3
Ba6 9. Bxa6 Nxa6 10. a4 h6 11. O-O Nb8 12. Nh4 Nbc6 13. f4 g6 14. Ba3 Ke8 15.
Qh3 Nf5 16. Nxf5 exf5 17. c4 Na5 18. c5 Nc4 19. c6 Qc8 20. e6 fxe6 21. Rfe1 Kf7
22. Re2 h5 23. Qh4 Qd8 24. Qg3 Qf6 25. Rae1 Rhe8 26. Bb4 a5 27. Bc3 Rad8 28.
Rd1 Rd6 29. Qh3 Rxc6 30. Be1 Nd6 31. Bh4 Qh8 32. Qb3 Rc4 33. Re5 Qg8 34. Rd3
Kg7 35. Rde3 Qf7 36. c3 Qd7 37. Qd1 Rxa4 38. Rg3 Ne4 39. Rxe4 dxe4 40. Qxh5
Ra1+ 41. Kf2 Qf7 42. Qg5 e5 43. Rh3 e3+ 44. Kg3 exf4+ 45. Qxf4 Kg8 46. Bf6 Qxf6
47. Qxc7 Qg5+ 0-1

[Event "Elit(Upsala-Team Viking)"]
[Site "Uppsala"]
[Date "2009.12.05"]
[Round "5"]
[White "Carlsson, Pontus"]
[Black "Glimbrant, Torbjorn"]
[Result "1-0"]
[WhiteElo "2601"]
[BlackElo "2344"]
[PlyCount "143"]
[EventDate "2009.??.??"]

1. e4 e5 2. Nf3 Nc6 3. Bb5 a6 4. Ba4 Nf6 5. O-O Be7 6. Re1 b5 7. Bb3 d6 8. c3
O-O 9. h3 Na5 10. Bc2 c5 11. d4 Qc7 12. Nbd2 cxd4 13. cxd4 Nc6 14. Nb3 a5 15.
Be3 a4 16. Nbd2 Bd7 17. Rc1 Rac8 18. a3 Qb8 19. Bd3 exd4 20. Nxd4 Ne5 21. Qe2
Rxc1 22. Rxc1 b4 23. f4 Nxd3 24. Qxd3 d5 25. e5 Ne4 26. axb4 Nxd2 27. Qxd2 Bxb4
28. Qf2 Rc8 29. Rxc8+ Qxc8 30. f5 Bf8 31. Qf3 Qb7 32. e6 Be8 33. f6 gxf6 34.
Qxf6 Qe7 35. Qe5 fxe6 36. Nxe6 Bg7 37. Qxd5 Bf7 38. Qa8+ Qe8 39. Qxe8+ Bxe8 40.
Bd4 Bf8 41. Kf2 Bf7 42. Nf4 a3 43. bxa3 Bxa3 44. Be5 Bc5+ 45. Kf3 Bb3 46. g4
Kf7 47. h4 Bd1+ 48. Kg3 Be3 49. Nd5 Bd2 50. Nf6 h6 51. h5 Be1+ 52. Kh3 Ke6 53.
Bb2 Bd2 54. Ne4 Bf4 55. Bc3 Kd5 56. Ng3 Bc2 57. Nf5 Bg5 58. Bg7 Bxf5 59. gxf5
Kd6 60. Kg4 Ke7 61. Be5 Kf7 62. Bf4 Be7 63. Bxh6 Bb4 64. Bf4 Kg7 65. Be5+ Kh7
66. Kg5 Be7+ 67. f6 Bf8 68. Bf4 Bc5 69. Kf5 Bb4 70. Ke6 Bf8 71. Kf7 Bc5 72. Ke8
1-0

[Event "Elit(Upsala-Team Viking)"]
[Site "Uppsala"]
[Date "2009.12.05"]
[Round "5"]
[White "Lundvik, Jonas"]
[Black "Ernst, Thomas"]
[Result "1/2-1/2"]
[WhiteElo "2351"]
[BlackElo "2449"]
[PlyCount "80"]
[EventDate "2009.??.??"]

1. d4 g6 2. Nf3 Bg7 3. h3 Nf6 4. Bg5 c5 5. c3 Qb6 6. Qb3 Nc6 7. e3 d5 8. Be2 c4
9. Qxb6 axb6 10. Na3 O-O 11. Nd2 e5 12. dxe5 Nxe5 13. O-O Be6 14. Nb5 Rfc8 15.
a3 Rc5 16. Nd4 Re8 17. Rad1 Bd7 18. N2f3 Ba4 19. Bxf6 Bxd1 20. Bxg7 Nxf3+ 21.
Bxf3 Bxf3 22. Bf6 Be4 23. g4 Rc7 24. f3 Bd3 25. Re1 Rd7 26. Kf2 Rd6 27. g5 h6
28. h4 Kh7 29. Nb5 Rc6 30. Nd4 Rxf6 31. gxf6 Re5 32. Rg1 Rh5 33. Rg4 g5 34.
hxg5 hxg5 35. f4 Be4 36. Nb5 Rh2+ 37. Kg1 Rh1+ 38. Kf2 Rh2+ 39. Kg1 Rh1+ 40.
Kf2 Rh2+ 1/2-1/2

[Event "Elit(Upsala-Team Viking)"]
[Site "Uppsala"]
[Date "2009.12.05"]
[Round "5"]
[White "Cramling, Pia"]
[Black "Jansson, Borje"]
[Result "1-0"]
[WhiteElo "2576"]
[BlackElo "2349"]
[PlyCount "39"]
[EventDate "2009.??.??"]

1. d4 f5 2. g3 Nf6 3. Bg2 e6 4. c4 Be7 5. Nf3 O-O 6. O-O Ne4 7. b3 Bf6 8. Bb2
Nc6 9. Nbd2 Ne7 10. Qc2 Nxd2 11. Qxd2 d6 12. Rfe1 Qe8 13. e4 fxe4 14. Rxe4 Qh5
15. Rae1 Bd7 16. g4 Qg6 17. g5 Bc6 18. d5 Nxd5 19. cxd5 Bxd5 20. gxf6 1-0